[Event "Wch U08"]
[Site "Batumi"]
[Date "2022.09.20"]
[Round "5"]
[White "Zahariev, Velislav"]
[Black "Khaertynov, Amirkhan"]
[Result "0-1"]
[WhiteElo "1290"]
[BlackElo "1184"]
[PlyCount "26"]
[EventDate "2022.09.16"]
[EventType "swiss"]
[EventRounds "11"]
[EventCountry "GEO"]
[SourceTitle "EXT 2023"]
[Source "ChessBase"]
[SourceDate "2022.10.05"]
[SourceVersion "1"]
[SourceVersionDate "2022.10.05"]
[SourceQuality "1"]

1. e4 c5 2. Nf3 Nc6 3. Nc3 Nf6 4. d4 cxd4 5. Nxd4 e5 6. Ndb5 d6 7. Bg5 a6 8. Bxf6 gxf6 9. Na3 b5 10. Nd5 f5 11. Bd3 Be6 12. c3 Bg7 13. Qf3 Qg5 0-1

[Event "Wch U08"]
[Site "Batumi"]
[Date "2022.09.17"]
[Round "2"]
[White "Khaertynov, Amirkhan"]
[Black "Gordeladze, Damiane"]
[Result "1-0"]
[WhiteElo "1184"]
[BlackElo "100"]
[PlyCount "50"]
[EventDate "2022.09.16"]
[EventType "swiss"]
[EventRounds "11"]
[EventCountry "GEO"]
[SourceTitle "EXT 2023"]
[Source "ChessBase"]
[SourceDate "2022.10.05"]
[SourceVersion "1"]
[SourceVersionDate "2022.10.05"]
[SourceQuality "1"]

1. e4 e5 2. Nf3 Nc6 3. Bc4 Nf6 4. d3 h6 5. Be3 Bb4+ 6. c3 Ba5 7. 0-0 0-0 8. h3 d6 9. Bb3 Be6 10. Bc2 Bb6 11. d4 exd4 12. cxd4 Nb4 13. Bb3 Nxe4 14. d5 Bf5 15. Bxb6 axb6 16. Re1 Re8 17. Ba4 Rf8 18. Bb3 c6 19. dxc6 bxc6 20. a3 Nd5 21. Nd4 Bd7 22. Rxe4 c5 23. Bxd5 Ba4 24. b3 Ra6 25. Nf5 Ra7 1-0